| 000 | 01553nam a2200241Ia 4500 | ||
|---|---|---|---|
| 999 |
_c38126 _d38126 |
||
| 001 | 4114 | ||
| 003 | GE_BSU | ||
| 005 | 20190919113327.0 | ||
| 008 | 181216s1982||||ge |||||||||||||| ||geo|| | ||
| 040 | _cGE_BSU | ||
| 041 | _ageo | ||
| 080 | _a39(479.22)+689(479.22) მ-36 | ||
| 245 |
_aმასალები საქართველოს შინამრეწველობისა და წვრილი ხელოსნობის ისტორიისათვის : 5 ტომად : _bტ. 2. ნაწ. 2. ქსოვა, ღებვა, ქარგვა / _cტომის რედ. ვ. ჯაფარიძე. |
||
| 264 |
_aთბ.: _bმეცნიერება, _c1982. |
||
| 300 |
_a317გვ. : _bილ. 30 ფ.; _c26 სმ. |
||
| 653 | _aსაქართველოს შინამრეწველობის ისტორია | ||
| 653 | _aწვრილი ხელოსნობის ისტორია საქართველოში | ||
| 653 | _aქართული წეს-ჩვეულებები | ||
| 653 | _aქსოვა; ქარგვა; ღებვა | ||
| 700 |
_aჯაფარიძე, ვ. _eრედაქტორი _9665 |
||
| 710 |
_aი. ჯავახიშვილის საერთო რედ. ; საქ. სსრ მეცნ. აკად., ივ. ჯავახიშვილის სახ. ისტორიის, არქეოლ. და ეთნოგრ. ინ-ტი. _94111 |
||
| 942 |
_cBK _2udc |
||